| 000 | 00874nam a2200253 a 4500 | ||
|---|---|---|---|
| 001 | BRCA_4884 | ||
| 005 | 20190320204838.0 | ||
| 008 | 151010c1980----it-af#####---#000-0#eng-# | ||
| 041 | _aeng | ||
| 044 | _ait | ||
| 050 | 4 |
_aNK33 _b.I53 1980 |
|
| 245 | 1 | 0 |
_aIndex Dictionary _cTranslation by Richard McKeon Sadleir ; photographs by Sergio Anelli and Bruno Balestrini. |
| 260 |
_aItalia _bElecta _c1980 |
||
| 300 |
_a333 p. _bil. (algunas a color) _c31 cm. |
||
| 440 | 0 |
_aBanca Nacionale del Lavoro _912375 |
|
| 500 | _aColección Sonia Corcuera de Mancera | ||
| 650 | 1 | 4 |
_aPintores _vDiccionarios _zItalia _912376 |
| 650 | 1 | 4 |
_aEscultura y arquitectura _vÍndices y diccionarios _zItalia _912377 |
| 700 | 1 |
_aMcKeon Sadleir, Richard _eTraductor _912378 |
|
| 700 | 1 |
_aAnelli, Sergio _eFotógrafo _912379 |
|
| 700 | 1 |
_aBalestrini, Bruno _912380 |
|
| 902 | _aDSC | ||
| 942 |
_2lcc _cB |
||
| 999 |
_c4578 _d4578 |
||